DJ - Mort Subite #1 - Statistiques

Statistiques générales
  • Ce quiz a été pris 98 fois
    85 depuis la dernière actualisation
  • Le résultat moyen est 11 sur 30
Answers on the Grid
Answers color-coded by a green-red scale on the quiz's grid according to % correct below.
Le Wanski
Dr Peacock
Billx
Angerfist
David Guetta
Bob Sinclar
Avicii
Calvin Harris
Protokseed
Avoris
Neurotribe
Quentin Mosimann
D-Fence
Darktek
MentalFist
Teksa
Teminite
Neko
Snake
Martin Garrix
Laurent Wolf
Alan Walker
JC Nitro
Le Bask
Armin Van Buuren
Alok
Hysta
Charlotte De Witte
Amelie Lens
Acid Wave
Trivium
Vostatek
Rihanna
Jay-Z
Eminem
Berthe Spungman
Le Caisson
Blue Cheer
My Drill
Bass Inger
Brett Van Doninck
Lake PlAcid
Hors Système
Unaverage Gang
Sarcophagus
CJ
Mizuho Lin
Kick of Mind
 
Statistiques - réponses
Réponse % Correct
Calvin Harris
88%
David Guetta
88%
Avicii
84%
Bob Sinclar
82%
Martin Garrix
82%
Snake
66%
Alan Walker
60%
Armin Van Buuren
56%
Quentin Mosimann
50%
Charlotte De Witte
44%
Laurent Wolf
37%
Dr Peacock
32%
Alok
29%
Darktek
26%
Le Wanski
26%
Billx
25%
D-Fence
25%
Amelie Lens
24%
Acid Wave
21%
Angerfist
19%
Le Bask
18%
Teksa
18%
Hysta
16%
Neurotribe
13%
Protokseed
13%
MentalFist
12%
Neko
10%
JC Nitro
9%
Teminite
7%
Avoris
4%
Aucun quiz correspondant
Distribution des résultats
% des personnes avec chaque résultat
Percentile par nombre de réponses
Votre historique - résultats
Vous n’avez pas pris ce quiz depuis la dernière actualisation